000 00438nam a2200157Ia 4500
008 130318s9999 xx 000 0 und d
020 _a9788177587531
082 _a658.404028553 FUT/Q
100 _aFutrell, Robert T
245 _aQuality software project management
260 _bPearson Education
_aNew Delhi
_c2002
300 _a603
650 _aSOFTWARE PROJECT MANAGEMENT
700 _aShafer, Donald f
700 _aShafer, Linda I
999 _c2172
_d2172